| 000 | 00700nam a2200241 a 4500 | ||
|---|---|---|---|
| 001 | 13461 | ||
| 003 | BD-JhCC | ||
| 005 | 20231005105350.0 | ||
| 008 | 231005b2020 ii a|||| ||a| 000 0 eng d | ||
| 020 | _a9788131026199 | ||
| 035 | _a(BD-JhCC)13461 | ||
| 040 |
_aBD-JhCC _dBD-JhCC |
||
| 041 | _aEnglish | ||
| 082 |
_a398.2 _bLAN 2020 |
||
| 100 | _aGrodstein, Lauren | ||
| 245 |
_aBest Of The Arabian Nights / _c Lauren Grodstein, Tra: Antoine Galland. |
||
| 260 |
_aIndia: _bManoj Publications; _c2020. |
||
| 300 |
_a128 p. : _bill; _c26 cm. |
||
| 650 |
_aArabs _xArab countries _zFolklore _vChildren's stories _yArabian Peninsula |
||
| 700 | _aGalland, Antoine | ||
| 942 |
_2ddc _cBK |
||
| 999 |
_c13461 _d13461 |
||